Làm chủ Microsoft Windows 2000 server; T2 Vận hành và khai thác Windows 2000

Guardat en:
Dades bibliogràfiques
Autor principal: Hoàng Đức Hải
Format: Llibre
Idioma:Undetermined
Publicat: Hà Nội Giáo Dục 2001
Matèries:
Etiquetes: Afegir etiqueta
Sense etiquetes, Sigues el primer a etiquetar aquest registre!
Thư viện lưu trữ: Trung tâm Học liệu Trường Đại học Cần Thơ
LEADER 00640nam a2200181Ia 4500
001 CTU_42033
008 210402s9999 xx 000 0 und d
082 |a 005.43769 
082 |b D513/T2 
100 |a Hoàng Đức Hải 
245 0 |a Làm chủ Microsoft Windows 2000 server; T2 
245 0 |b Vận hành và khai thác Windows 2000 
245 0 |c Hoàng Đức Hải, Phạm Hoàng Dũng 
260 |a Hà Nội 
260 |b Giáo Dục 
260 |c 2001 
650 |a network computing,operating system,system administration,windows ( computer programs ) 
980 |a Trung tâm Học liệu Trường Đại học Cần Thơ